Click Chain #12 - Plus - Statistics

General Stats
  • This quiz has been taken 8,887 times
  • The average score is 20 of 36
Answer Stats
Hint Answer % Correct
In a Roman theater, during the Ides of March, senators assassinated: Julius Caesar
98%
...who famously spoke the phrase: Veni, Vidi, Vici
94%
...which starred: Bill Murray
87%
...which takes place during: World War I
77%
...which one must understand (to some degree) to parse the phrase: Ich bin ein Berliner
75%
...who, six times, hosted a ceremony where one might win an: Oscar
75%
...who was also in: Groundhog Day
74%
...who wrote: A Farewell to Arms
70%
...which sounds like, but is certainly not, a biography about: Hemingway
66%
...who were actually: German
65%
...which is referenced in the line, "we came, we saw, we kicked its ass!" in: Ghostbusters
64%
...who, under the reign of Alfonso, largely converted to: Catholicism
62%
...which is the first name of the playwright who wrote: The Importance of Being Earnest
62%
...which grew out of lore from an American folk called the: Pennsylvania Dutch
61%
...which is a famous quote from: Kennedy
60%
...which is located within: Rome
60%
...which, in economic circles, was called one of the: Four Asian Tigers
59%
...who paid for the construction of Rome's first permanent: Theater
57%
...whose principal offices are located in the: Vatican
56%
...whose brother was assassinated by: Sirhan Sirhan
54%
...who committed his crime in: The Ambassador Hotel
52%
...which falls one classification rank below: Kingdom
51%
...whose second largest city is: Busan
50%
...where the First Triumvirate dissolved, leading to Julius Caesar's total military victory over: Pompey
48%
...which is an official language in: Singapore
45%
...whose etymological roots correlate to the word for "east" in the language of: Malay
43%
...which is the destination for a movie train trying to escape: Zombies
43%
...which belongs to the classification rank of: Phylum
42%
...which also included: South Korea
42%
...of which, the oldest continuous example is the Imperial House of: Japan
39%
...whose etymological origins likely come from the Bantu language: Kongo
36%
...who conquered Portuguese: Timor
32%
...who, during World War I, fell to the forces of: Australia
31%
...which is, taxonomically, a: Chordate
26%
...who fought a poorly planned war against the mighty: Emu
23%
...when part of New Guinea was called: Kaiser-Wilhelmsland
22%
No matching quizzes found
Score Distribution
Percent of People with Each Score
Percentile by Number Answered
Your Score History
You have not taken this quiz